000 00773cab a2200229 4500
001 WB2834-21
008 090401t1992 xxu||||| |||| 00| 0 eng d
035 _a(Sirsi) u452
041 _aeng
245 _aEnd of 25 year lease in sight
260 _c1992
350 _a0
490 _aChartered Surveyor Weekly
_v40(10) 3 September 1992, 5(1)
520 _aThe traditional 25-year institutional lease may soon be abandoned suggests IPFS, the property analysts, after their survey of over 300 lettings revealed only 26% of new agreements were for the full term.
650 _a25-YEAR LEASES
650 _aINSTITUTIONAL LEASES
650 _aLEASE REFORM
650 _aLEASES
690 _aLANDLORD AND TENANT-BUSINESS TENANCIES
942 _n0
948 _c04/03/1997
999 _c191
_d191